00000000nam##2200000za#4500
0019.661889
003CaOODSP
00520200401064121
007co |||||||||||
008150407|2000||||xxc    |q  d f### # eng|d
040 |aCaOODSP|beng
041 |aeng
041 |afre
043 |an-cn---
0861 |aR62-323/2000-MRC
1101 |aCanada.|bCanadian Heritage. |bParks Canada.
24510|aUnimpaired for future generations? : |h[electronic resource]|bConserving ecological integrity with Canada's national parks. Volume I and II /
260 |aOttawa - Ontario : |bCanadian Heritage. |c2000.
300 |a1 disc.
538 |a486 or better; Windows 95 or better; Acrobat Reader 4.0
546 |aBilingual
590 |a00-20|b2000-05-19
69007|aNational parks|2gcpds
69007|aEcology|2gcpds
69007|aEnvironmental policy|2gcpds
7760#|tIntacts pour les générations futures? : |w(CaOODSP)9.661582
7760#|tUnimpaired for future generations? : |w(CaOODSP)9.647630
792 |tIntacts pour les générations futures? : |efre|w(CaOODSP)9.661890